[Event "BIH-ch 12th"]
[Site "Lukavac"]
[Date "2018.12.15"]
[Round "5"]
[White "Zenelaj, Fisnik"]
[Black "Sinanovic, Ermin"]
[Result "0-1"]
[WhiteElo "1937"]
[BlackElo "2149"]
[PlyCount "52"]
[EventDate "2018.12.13"]
[EventType "swiss"]
[EventRounds "7"]
[EventCountry "BIH"]
[SourceTitle "CBM 187 Extra"]
[Source "ChessBase"]
[SourceDate "2018.11.04"]
[SourceVersion "1"]
[SourceVersionDate "2018.11.04"]
[SourceQuality "1"]

1. e4 c5 2. Nf3 e6 3. d3 Nc6 4. g3 g6 5. Bg2 Bg7 6. 0-0 Nge7 7. c3 d5 8. exd5 exd5 9. Bf4 0-0 10. Na3 h6 11. h4 Bg4 12. Qc1 Kh7 13. Nh2 Be2 14. Re1 Bxd3 15. Qe3 c4 16. Qc5 Qd7 17. Rad1 Rfd8 18. Nb5 b6 19. Qa3 a6 20. Nd4 Nf5 21. Nxc6 Qxc6 22. b4 Be4 23. f3 Bc2 24. Rc1 Bd3 25. Ng4 a5 26. Ne5 Bxe5 0-1

[Event "BIH-chT1"]
[Site "Bosanska Krupa"]
[Date "2018.08.29"]
[Round "7"]
[White "Softic, Nusret"]
[Black "Zenelaj, Fisnik"]
[Result "1/2-1/2"]
[WhiteElo "1879"]
[BlackElo "1920"]
[PlyCount "109"]
[EventDate "2018.08.25"]
[EventType "tourn"]
[EventRounds "9"]
[EventCountry "BIH"]
[SourceTitle "CBM 186 Extra"]
[Source "ChessBase"]
[SourceDate "2018.08.24"]
[SourceVersion "1"]
[SourceVersionDate "2018.08.24"]
[SourceQuality "1"]

1. e4 c5 2. Nf3 d6 3. d4 cxd4 4. Nxd4 Nf6 5. Nc3 a6 6. Bd3 e6 7. 0-0 Be7 8. Be3 0-0 9. Nce2 Ng4 10. Bd2 Ne5 11. Ng3 Nxd3 12. cxd3 Nc6 13. Nxc6 bxc6 14. Bc3 d5 15. d4 Bb7 16. Qg4 g6 17. e5 Bc8 18. Rac1 f5 19. exf6 Bxf6 20. Qe2 a5 21. Rfe1 Re8 22. f4 Qc7 23. Qf2 Qf7 24. Nf1 Ba6 25. Nd2 Bd3 26. Nb3 a4 27. Nc5 Bb5 28. a3 Bg7 29. Qe3 Re7 30. Qf3 Rae8 31. Re3 Bf6 32. Rce1 g5 33. fxg5 Bxg5 34. Qg4 Qg6 35. Rg3 Rg7 36. Kh1 h5 37. Qd1 h4 38. Rg4 Qf5 39. Re5 Qf6 40. Qe1 h3 41. Nxe6 hxg2+ 42. Rxg2 Rxe6 43. Rxe6 Qf3 44. Qg3 Be2 45. Rexe2 Qf1+ 46. Rg1 Qxe2 47. Re1 Qh5 48. Rf1 Be7 49. Qf3 Qg6 50. Be1 Bd6 51. Bg3 Bxg3 52. Rg1 Qc2 53. Rg2 Qc1+ 54. Rg1 Be1 55. Rf1 1/2-1/2

[Event "Sarajevo Bosna op 47th"]
[Site "Sarajevo"]
[Date "2017.05.16"]
[Round "6"]
[White "Krug, Franz Dieter"]
[Black "Zenelaj, Fisnik"]
[Result "0-1"]
[WhiteElo "1605"]
[BlackElo "1919"]
[PlyCount "52"]
[EventDate "2017.05.13"]
[EventType "swiss"]
[EventRounds "9"]
[EventCountry "BIH"]
[SourceTitle "CBM 178 Extra"]
[Source "ChessBase"]
[SourceDate "2017.06.22"]
[SourceVersion "1"]
[SourceVersionDate "2017.06.22"]
[SourceQuality "1"]

1. d4 Nf6 2. c4 g6 3. Nc3 Bg7 4. e4 d6 5. h3 0-0 6. Bg5 c6 7. Bxf6 Bxf6 8. Nf3 e5 9. d5 Na6 10. a3 c5 11. Bd3 Bg7 12. Qc2 f5 13. 0-0-0 Nc7 14. Kb1 a6 15. Rdf1 Rb8 16. Nd2 b5 17. cxb5 axb5 18. Qb3 Bd7 19. Qa2 b4 20. axb4 cxb4 21. Na4 Bb5 22. Bxb5 Nxb5 23. Rc1 Nd4 24. b3 Bh6 25. Rc4 Qg5 26. Nf3 Qxg2 0-1

[Event "Sarajevo Bosna op 47th"]
[Site "Sarajevo"]
[Date "2017.05.15"]
[Round "4"]
[White "Vrce, Anes"]
[Black "Zenelaj, Fisnik"]
[Result "0-1"]
[WhiteElo "1648"]
[BlackElo "1919"]
[PlyCount "94"]
[EventDate "2017.05.13"]
[EventType "swiss"]
[EventRounds "9"]
[EventCountry "BIH"]
[SourceTitle "CBM 178 Extra"]
[Source "ChessBase"]
[SourceDate "2017.06.22"]
[SourceVersion "1"]
[SourceVersionDate "2017.06.22"]
[SourceQuality "1"]

1. e4 e5 2. Nf3 Nc6 3. Bb5 a6 4. Bxc6 dxc6 5. h3 f6 6. 0-0 Bd6 7. d3 Ne7 8. Be3 0-0 9. Nbd2 Ng6 10. Nc4 Be7 11. Qe2 Be6 12. d4 b5 13. Na5 Qe8 14. Rfd1 Bb4 15. Bd2 Bxa5 16. Bxa5 Nf4 17. Qe3 Qg6 18. Nh4 Qg5 19. Re1 Qxh4 20. Qg3 Qxg3 21. fxg3 Ng6 22. dxe5 Nxe5 23. Bxc7 Rac8 24. Bxe5 fxe5 25. Rad1 Rcd8 26. b3 b4 27. g4 c5 28. Rd3 Rd4 29. Rf1 Rxf1+ 30. Kxf1 Rxd3 31. cxd3 Kf7 32. Ke2 Kg6 33. Kf3 a5 34. h4 h5 35. g5 Bd7 36. Ke3 a4 37. Kd2 Bb5 38. g3 Bd7 39. Kc2 Kf7 40. Kd2 Ke7 41. Kc2 Kd6 42. Kd2 a3 43. Kc2 Be6 44. Kb1 c4 45. bxc4 Kc5 46. Kc2 g6 47. Kb3 Bd7 0-1

[Event "Lukavac op 5th"]
[Site "Lukavac"]
[Date "2016.11.26"]
[Round "4"]
[White "Obad, Andrija"]
[Black "Zenelaj, Fisnik"]
[Result "1-0"]
[WhiteElo "2260"]
[BlackElo "1934"]
[PlyCount "109"]
[EventDate "2016.11.24"]
[EventType "swiss"]
[EventRounds "7"]
[EventCountry "BIH"]
[SourceTitle "EXT 2019"]
[Source "ChessBase"]
[SourceDate "2018.10.10"]
[SourceVersion "1"]
[SourceVersionDate "2018.10.10"]
[SourceQuality "1"]

1. e4 c5 2. Nf3 g6 3. d4 cxd4 4. Nxd4 Nc6 5. c4 Bg7 6. Be3 Nxd4 7. Bxd4 Nf6 8. Nc3 d6 9. Be2 0-0 10. 0-0 a5 11. Rc1 Bd7 12. Be3 Bc6 13. f3 Nd7 14. Qd2 Nc5 15. Rfd1 a4 16. Rc2 Be5 17. Bf1 f5 18. exf5 Rxf5 19. Bxc5 Bxc3 20. Rxc3 Rxc5 21. Re3 Rf5 22. Bd3 Rf6 23. Be4 Qb6 24. Bxc6 bxc6 25. Kh1 Ra7 26. Rde1 e5 27. Rd3 Qc5 28. b3 axb3 29. axb3 Kg7 30. h3 Re7 31. Re4 Rb7 32. Re1 Re7 33. Kh2 h5 34. Re4 Rb7 35. Qg5 Rbf7 36. Qd2 Rb7 37. Re1 Re7 38. Qb2 Rb7 39. Qc3 Qf2 40. b4 h4 41. c5 Qg3+ 42. Kh1 dxc5 43. bxc5 Rb2 44. Rg1 Rb7 45. Re3 Rf5 46. Rge1 Rg5 47. R3e2 Rf7 48. Rf1 Kh7 49. Qb3 Kg7 50. Qb2 Kh7 51. Re4 Kg7 52. Qe2 Rff5 53. Re1 Kh6 54. Qd2 Kh5 55. Rg4 1-0

[Event "Lukavac op 5th"]
[Site "Lukavac"]
[Date "2016.11.25"]
[Round "2"]
[White "Zenelaj, Fisnik"]
[Black "Nalic, Ahmet"]
[Result "1/2-1/2"]
[WhiteElo "1934"]
[BlackElo "2019"]
[PlyCount "86"]
[EventDate "2016.11.24"]
[EventType "swiss"]
[EventRounds "7"]
[EventCountry "BIH"]
[SourceTitle "EXT 2019"]
[Source "ChessBase"]
[SourceDate "2018.10.10"]
[SourceVersion "1"]
[SourceVersionDate "2018.10.10"]
[SourceQuality "1"]

1. e4 c5 2. Nf3 e6 3. d4 cxd4 4. Nxd4 a6 5. Be2 Nc6 6. 0-0 Qc7 7. Nc3 Nf6 8. Be3 b5 9. Nxc6 dxc6 10. Bf3 Be7 11. Ne2 Bb7 12. c3 0-0 13. Qc2 c5 14. Rad1 Rfd8 15. Bf4 e5 16. Be3 c4 17. h4 h5 18. Bg5 Ng4 19. Ng3 g6 20. Qe2 Nf6 21. Bxf6 Bxf6 22. Bxh5 gxh5 23. Nxh5 Qe7 24. Qg4+ Kf8 25. Ng3 Rxd1 26. Rxd1 Rd8 27. Nf5 Rxd1+ 28. Qxd1 Qd8 29. Qg4 Bc8 30. h5 Bxf5 31. Qxf5 Ke7 32. h6 Qd7 33. Qh5 Bh8 34. h7 Qc6 35. Qg5+ Qf6 36. Qg8 Qg7 37. f3 a5 38. Kf2 Kf6 39. Qd8+ Kg6 40. Qxa5 Qxh7 41. Qxb5 Qh4+ 42. Kg1 Qe1+ 43. Kh2 Qh4+ 1/2-1/2

[Event "Lukavac op 5th"]
[Site "Lukavac"]
[Date "2016.11.24"]
[Round "1"]
[White "Trkulja, Goran"]
[Black "Zenelaj, Fisnik"]
[Result "1/2-1/2"]
[WhiteElo "2301"]
[BlackElo "1934"]
[PlyCount "98"]
[EventDate "2016.11.24"]
[EventType "swiss"]
[EventRounds "7"]
[EventCountry "BIH"]
[SourceTitle "EXT 2019"]
[Source "ChessBase"]
[SourceDate "2018.10.10"]
[SourceVersion "1"]
[SourceVersionDate "2018.10.10"]
[SourceQuality "1"]

1. Nf3 Nf6 2. c4 d5 3. e3 e6 4. Qc2 Be7 5. g4 Nc6 6. g5 Ne4 7. cxd5 exd5 8. Bb5 Bd7 9. Bxc6 bxc6 10. h4 0-0 11. Ne5 Qe8 12. Nxd7 Qxd7 13. d3 Nd6 14. Nc3 Rae8 15. Ne2 f6 16. gxf6 Bxf6 17. Bd2 Qf5 18. 0-0-0 Rb8 19. b3 c5 20. Qxc5 Qxd3 21. Nf4 Qa6 22. Qxd5+ Kh8 23. a4 Rbd8 24. h5 Nf7 25. Qc4 Qxc4+ 26. bxc4 Rfe8 27. Nd5 Re4 28. Nxf6 Rxc4+ 29. Kb2 Rb8+ 30. Ka3 gxf6 31. Rc1 Nd6 32. Bc3 Kg7 33. Rhd1 Kf7 34. Bd4 Rb7 35. Bc5 Rxc1 36. Rxc1 Ke6 37. Bxd6 Kxd6 38. Rd1+ Ke6 39. h6 c5 40. Rg1 f5 41. Rd1 c4 42. Rd4 Rb3+ 43. Ka2 Rb4 44. a5 Ra4+ 45. Kb2 Rxa5 46. Rxc4 Rb5+ 47. Kc3 Kd6 48. Rd4+ Ke6 49. Rc4 Kd6 1/2-1/2